| 000 | 00986nas a2200325 4500 | ||
|---|---|---|---|
| 001 | BR0401877 | ||
| 003 | BR-BrBNA | ||
| 005 | 20231205104436.0 | ||
| 007 | ta | ||
| 008 | 230509b bl.|||p| |||| 00| 00por d | ||
| 040 |
_aBR-BrBNA _bpor _cBiblioteca Nacional de Agricultura |
||
| 041 | _a(En) | ||
| 072 | _aQ04; Q03 | ||
| 100 | 1 | _aPrado, G. | |
| 100 | 1 | _aOliveira, M.S. | |
| 100 | 1 | _aCarvalho, E.P. | |
| 100 | 1 | _aLima, L.C.O. | |
| 100 | 1 | _aVeloso, T. | |
| 100 | 1 | _aSouza, L.A.F. | |
| 100 | 1 | _aCardoso, A.C.F. | |
| 245 | 1 | _aOchratoxin a determination in beer by immunoaffinity column clean-up and high-performance liquid chromatography | |
| 650 | _aCERVEJA | ||
| 650 | _aOCRATOXINA | ||
| 650 | _aMICOTOXINA | ||
| 650 | _aANÁLISE QUÍMICA | ||
| 650 | _aCROMATOGRAFIA | ||
| 773 | 0 |
_tCiência e Tecnologia de Alimentos (Brazil) _xISSN 0101-2061 _g(Dec 2003), v. 23 (Suplemento) p. 58-61 _wBR0401877 |
|
| 909 |
_a202311 _bLúcia _c55 _dLúcia Elande |
||
| 942 |
_2AGRIS _n0 _cANA |
||
| 999 |
_c178164 _d178164 |
||